| 000 | 00595nam a2200265Ia 4500 | ||
|---|---|---|---|
| 008 | 210210b1934 xxu||||| |||| 00| 0 eng d | ||
| 041 | _aeng | ||
| 082 | _a335/391 | ||
| 100 | _a- | ||
| 245 | _aReport to Indian tariff board on the iron and steel industry | ||
| 260 |
_aDelhi _bManager of Publications, _c1934 |
||
| 650 | _ato | ||
| 650 | _athe | ||
| 650 | _atariff | ||
| 650 | _asteel | ||
| 650 | _aReport | ||
| 650 | _aon | ||
| 650 | _airon | ||
| 650 | _aindustry | ||
| 650 | _aIndian | ||
| 650 | _aboard | ||
| 650 | _aand | ||
| 690 | _aIndian Economics | ||
| 906 | _a004733 | ||
| 999 |
_c128017 _d128017 |
||